000 00518nam a2200169Ia 4500
999 _c7382
_d7382
003 OSt
005 20200127115940.0
008 190216s9999||||xx |||||||||||||| ||und||
020 _a9788125911630
040 _coclc
082 _a658.401
_bLOM/B
100 _aLomash, Sukul
_9168
245 0 _aBusiness Policy And Strategic Management /
_cSukul Lomash ; P K Mishra
260 _bVikas Publishing House,
_aNew Delhi:
_c2003.
300 _a381p
942 _cBK
_2ddc
_h658.401
_iLOM/B
_k658.401
_mLOM/B